Cargando...

German-English science dictionary

Detalles Bibliográficos
Autor Principal: De Vries, Louis
Formato: Printed Book
Publicado: McGraw-Hill book Co., Inc., New York 1959
Edición:3
Subjects:
LEADER 00534nam a2200193 4500
020
082 |a R 503 DE -G3 
100 |a De Vries, Louis 
245 |a German-English science dictionary 
250 |a 3 
260 |a McGraw-Hill book Co., Inc., New York  |c 1959 
300
490
500
590 |a VIN 
650 |a Pure sciences - Dictionaries & encyclopedias 
942 |c BK 
999 |c 87530  |d 87530 
952 |0 0  |1 0  |4 0  |6 R_503_000000000000000_DE_G3  |7 0  |9 100998  |a ZGY  |b ZGY  |l 0  |o R 503 DE -G3  |p ZGY00066  |r 2019-09-25  |w 2019-09-25  |y BK